| 000 | 00657nam a22001577a 4500 | ||
|---|---|---|---|
| 008 | 160425b xxu||||| |||| 00| 0 eng d | ||
| 082 |
_22012 _aUT 0357 _bM79 |
||
| 100 |
_96275 _aMorales, Walter Von J. |
||
| 245 |
_aA survey of the service innovation and customers satisfaction of selected beauty salon in Digos City/ _cWalter Von J.Morales, Sheilou D.Maravillas and Christine D. Ravina. |
||
| 260 |
_aDigos City: _bUMDC _cMarch 2012. |
||
| 300 |
_a48 pages; _c28 cm. |
||
| 650 | 0 |
_96278 _aBusiness Administration _vMarketing Management _xUndergraduate thesis. |
|
| 700 |
_96279 _aMaravillas, Sheilou D. |
||
| 700 |
_96280 _aRavina, Christine D. |
||
| 942 |
_2ddc _cUT |
||
| 999 |
_c1958 _d1958 |
||